| 000 | 00385nam a22001697a 4500 | ||
|---|---|---|---|
| 005 | 20180223154808.0 | ||
| 008 | 160618b xxu||||| |||| 00| 0 eng d | ||
| 020 | _a81-203-1743-2 | ||
| 041 | _aeng | ||
| 082 |
_b8170 _a330 |
||
| 100 |
_aPanneerselvam, R _91907 |
||
| 245 | _aEngineering Economics | ||
| 260 |
_bPHI _c2003 |
||
| 300 | _a211 | ||
| 650 |
_aManagement _9241 |
||
| 942 | _cBK | ||
| 999 |
_c3124 _d3123 |
||